000 01166njm a2200313Ia 4500
001 H5450
003 IT-RoPAU
005 20220918181154.0
008 131025s9999 xx 000 0 und d
040 _aIT-RoPAU
040 _cIT-RoPAU
041 _aITALIANO
999 _c102403
_d102403
999 _bn.d.
100 _aCori Piera
_920159
100 _eAutore musica
_933530
100 _gCodice autore musica SPICS: 11298
_920161
245 _aNostra gioia (La)
250 _a1a ed.
260 _aMILANO
260 _bMULTIMEDIA SAN PAOLO
_c2005 [1a Ed.:2005 - Ed. Lingua Orig.: 2005]
300 _aCOMPACT DISC
300 _c39 minuti (Testo: 0 pag.)
500 _aMusica religiosa.
505 _aCanterò la tua misericordia - Tu, Signore Dio - Tutto il mio amore - Il tuo amore per noi - Invocazioni - Il segreto di riuscita - Noi crediamo all'amore - Credo mio Dio - Tu hai gridato il mio nome - Il più grande - La vostra gioia - Inno alla vergine.
511 _aCori Piera
650 _aRELIGIOSO [COMPACT DISC]
_eCodice MATERIA SPICS: 9949
_914031
700 _aCori Piera
_eAutore testo e musica
_gCodice autore testo/musica SPICS: 11298
_933531
942 _cCD
_2ddc